000 00525nam a2200193Ia 4500
003 OSt
005 20250121143030.0
008 210210b1992 xxu||||| |||| 00| 0 eng d
040 _cAL
041 _aKannada
082 _aK894.4 GOPP
100 _aGOPALAKRASHNA ADIGA ಗೋಪಾಲಕೃಷ್ಣ ಅಡಿಗ
_9132066
245 _aPrabhandhagalu
_bಪ್ರಬಂಧಗಳು
260 _aBengaluru
_bPurogami
_c1992
300 _aviii,164
690 _aKannada Prose
_9132067
906 _a046697
942 _2ddc
_cBK
999 _c96133
_d96133